000 00258nam a2200097Ia 4500
001 642420
005 20250826153526.0
008 250824s9999 xx 000 0 und d
245 0 _aKangurular Ülkesi Avustralya ya Yolculuk
_cGülten Dayıoğlu
260 _bALTIN
999 _c642420
_d642420